<?xml version="1.0" encoding="UTF-8"?>
<record
    xmlns:xsi="http://www.w3.org/2001/XMLSchema-instance"
    xsi:schemaLocation="http://www.loc.gov/MARC21/slim http://www.loc.gov/standards/marcxml/schema/MARC21slim.xsd"
    xmlns="http://www.loc.gov/MARC21/slim">

  <leader>02264    a2200265   4500</leader>
  <controlfield tag="001">12749</controlfield>
  <controlfield tag="005">20260407155440.0</controlfield>
  <controlfield tag="008">260407a1996    arg                 spa d</controlfield>
  <controlfield tag="003">AR-UNSa-BCEJYS</controlfield>
  <datafield tag="040" ind1=" " ind2=" ">
    <subfield code="a">AR-UNSa-BCEJYS</subfield>
    <subfield code="b">spa</subfield>
    <subfield code="c">AR-UNSa-BCEJYS</subfield>
  </datafield>
  <datafield tag="080" ind1=" " ind2=" ">
    <subfield code="a">657.47</subfield>
    <subfield code="x">Contabilidad de Costos</subfield>
  </datafield>
  <datafield tag="245" ind1="1" ind2="0">
    <subfield code="a">Contabilidad de costos</subfield>
    <subfield code="p">un enfoque gerencial</subfield>
  </datafield>
  <datafield tag="020" ind1=" " ind2=" ">
    <subfield code="a">978-968-880-502-2</subfield>
  </datafield>
  <datafield tag="264" ind1=" " ind2="1">
    <subfield code="a">M&#xE9;xico :</subfield>
    <subfield code="b">Prentice-Hall Hispanoamericana</subfield>
    <subfield code="c">1996</subfield>
  </datafield>
  <datafield tag="300" ind1=" " ind2=" ">
    <subfield code="a">xx, 970 p.</subfield>
    <subfield code="c">27 cm.</subfield>
  </datafield>
  <datafield tag="505" ind1=" " ind2=" ">
    <subfield code="a">1. El papel del contador en la organizaci&#xF3;n - 2. Introducci&#xF3;n a los t&#xE9;rminos y prop&#xF3;sitos de costos - 3. Relaci&#xF3;n costo-volumen-utilidad - 4. Sistemas de costeo en los sectorescomercial y de servicio - 5. Sistemas de costeo en el sector industrial - 6. Presupuesto maestro y contabilidad por responsabilidad - 7. Presupuestos flexibles, variaciones y control administrativo: I - 8. Presupuestos flexibles, variaciones y control administrativo: II - 9. Efectos en los ingresos de m&#xE9;todos alternativos de costeo de inventarioa - 10. Determinaci&#xF3;n del comportamiento de costos - 11. Relevancia, costos y proceso de toma de decisiones - 12. Decisiones sobre precios, rentabilidad de productos y administraci&#xF3;n de costos - 13. Sistemas de control administrativo: selecci&#xF3;n y aplicaci&#xF3;n - 14. Asignaci&#xF3;n de costos: I -15.Asignaci&#xF3;n de costos: II - 16. Asignaci&#xF3;n de costos: productos conjuntos y subproductos - 17. Sistemas de costeo por procesos - 18. Mermas, unidades retrabajadas y deshechos - 19. Costeo por operaciones, costeo hacia atr&#xE1;s y control de proyectos - 20. Presupuestaci&#xF3;n de capital y an&#xE1;lisis de costos - 21. Presupuestaci&#xF3;n de capital: un an&#xE1;lisis m&#xE1;s profundo - 22. Medici&#xF3;n de la mezcla, rendimiento y productividad - 23. Administraci&#xF3;n de costos: calidad y tiempo - 24. Administraci&#xF3;n de inventarios y justo-a-tiempo - 25. Selecci&#xF3;n de sistemas: descentralizaci&#xF3;n y precios de transferencia - 26. Selecci&#xF3;n de sistemas: medida y compensaci&#xF3;n del desempe&#xF1;o</subfield>
  </datafield>
  <datafield tag="041" ind1=" " ind2=" ">
    <subfield code="a">spa</subfield>
  </datafield>
  <datafield tag="942" ind1=" " ind2=" ">
    <subfield code="c">BK</subfield>
  </datafield>
  <datafield tag="590" ind1=" " ind2=" ">
    <subfield code="a">niveau_biblio:m niveau_hierar:0</subfield>
  </datafield>
  <datafield tag="100" ind1="1" ind2=" ">
    <subfield code="a">Horngren, Charles T.</subfield>
  </datafield>
  <datafield tag="700" ind1="1" ind2=" ">
    <subfield code="a">Foster, George</subfield>
  </datafield>
  <datafield tag="700" ind1="1" ind2=" ">
    <subfield code="a">Deras Qui&#xF1;ones, Adolfo</subfield>
  </datafield>
  <datafield tag="700" ind1="1" ind2=" ">
    <subfield code="a">Datar, Srikant M.</subfield>
  </datafield>
  <datafield tag="700" ind1="1" ind2=" ">
    <subfield code="a">Rodas Carpizo, Alejandro Roberto</subfield>
  </datafield>
  <datafield tag="999" ind1=" " ind2=" ">
    <subfield code="c">505</subfield>
    <subfield code="d">505</subfield>
  </datafield>
  <datafield tag="952" ind1=" " ind2=" ">
    <subfield code="0">0</subfield>
    <subfield code="1">0</subfield>
    <subfield code="4">0</subfield>
    <subfield code="7">0</subfield>
    <subfield code="a">BCEJYS</subfield>
    <subfield code="b">BCEJYS</subfield>
    <subfield code="c">16</subfield>
    <subfield code="d">2026-04-07</subfield>
    <subfield code="l">0</subfield>
    <subfield code="o">657.47 H813c 8ed.</subfield>
    <subfield code="p">L118619</subfield>
    <subfield code="r">2026-04-07 15:54:40</subfield>
    <subfield code="w">2026-04-07</subfield>
    <subfield code="y">L</subfield>
  </datafield>
</record>
